| 000 | 00497nam a22001817a 4500 | ||
|---|---|---|---|
| 003 | BUBTL | ||
| 008 | 210318b xxu||||| |||| 00| 0 eng d | ||
| 082 | _a510 / Y887m | ||
| 100 |
_94060 _aYousuf, Md.Abu |
||
| 245 |
_aMethods of Applied Mathematics / _cMd.Abu Yousuf |
||
| 250 | _a9th ed. | ||
| 260 |
_aDhaka : _bMamun Brothers, _cc2018. |
||
| 300 |
_a735 p. : _c22 cm. |
||
| 650 | 0 |
_9124 _aMathematics |
|
| 856 |
_k0 _l0 _yDownload |
||
| 942 |
_2ddc _cBK |
||
| 999 |
_c6488 _d6488 |
||